| 000 | 00772nam a2200241 i 4500 | ||
|---|---|---|---|
| 001 | 113501 | ||
| 003 | ES-MaACL | ||
| 005 | 20251005063107.0 | ||
| 007 | t| | ||
| 008 | 061121s1977 sp r ||||1| spa d | ||
| 020 | _a84-265-2505-9 | ||
| 080 | _a330.85(45)(04) | ||
| 100 | 1 |
_aDel Noce, Augusto, _d1910-1989 _9173063 |
|
| 245 | 1 | 0 |
_aItalia y el eurocomunismo : _buna estrategia para Occidente / _cAugusto del Noce ; prólogo de Federico Silva Muñoz. |
| 260 |
_aMadrid : _bMagisterio Español, _c1977. |
||
| 300 |
_a197 p. ; _c19 cm. |
||
| 490 | 1 | _aEnsayos Aldaba | |
| 650 | 4 |
_aEurocomunismo- _zItalia. _9173064 |
|
| 700 | 1 |
_aSilva Muñoz, Federico. _9106406 |
|
| 830 | 1 |
_aEnsayos Aldaba _9182032 |
|
| 852 |
_aES-MaACL _jA-8539 |
||
| 999 |
_c113501 _d113501 |
||